| 000 | 00507pab a2200181 454500 | ||
|---|---|---|---|
| 008 | 180718b2009 xxu||||| |||| 00| 0 eng d | ||
| 100 | _aKaushik, Asha | ||
| 245 | _aRevisiting Nehruvian model of development in the context of globalization | ||
| 260 | _c2009 | ||
| 300 | _ap.212-222. | ||
| 362 | _aJul-Dec | ||
| 650 | _aGlobalization | ||
| 650 | _aNehru,Jawaharlal | ||
| 650 | _aDevelopment planning | ||
| 773 | _aJournal of Constitutional and Parliamentary Studies | ||
| 908 | _aN | ||
| 909 | _a89489 | ||
| 999 |
_c89489 _d89489 |
||